000
00306nam a22001097a 4500
008
160420b xxu||||| |||| 00| 0 eng d
020
_a
9780323054089
041
_a
eng
080
_a
618.2
245
_a
Nursing outcomes classification (NOC):
_c
Sue Moorhead; Marion Johnson; Meridean L. Maas;
942
_2
udc
_c
BK
999
_c
1449
_d
1449